[Event "VIE-ch U07"]
[Site "Ho Chi Minh City"]
[Date "2014.07.16"]
[Round "6"]
[White "Truong, Phu Dang Khoa"]
[Black "Le, Minh Tuan Anh"]
[Result "1/2-1/2"]
[WhiteElo "1393"]
[BlackElo "1416"]
[PlyCount "93"]
[EventDate "2014.07.13"]
[EventType "swiss"]
[EventRounds "9"]
[EventCountry "VIE"]
[SourceTitle "EXT 2016"]
[Source "ChessBase"]
[SourceDate "2015.10.08"]
[SourceVersion "1"]
[SourceVersionDate "2015.10.08"]
[SourceQuality "1"]

1. e4 c6 2. d4 d5 3. exd5 cxd5 4. Nc3 Bf5 5. Bf4 Nc6 6. Nf3 Nf6 7. Be2 e6 8. 0-0 Be7 9. Ne5 0-0 10. h3 Ne4 11. Nxe4 Bxe4 12. Bd3 f5 13. Be2 Nxe5 14. Bxe5 Rc8 15. c3 f4 16. Bg4 Rc6 17. Bf3 Rf5 18. Kh1 Bf6 19. Bxf6 Qxf6 20. Qe2 h5 21. Bxe4 dxe4 22. Qxe4 f3 23. g3 g5 24. Rfe1 Qh6 25. Rad1 g4 26. h4 Rd5 27. Kg1 b5 28. Qd3 a6 29. Re3 Rcd6 30. Qe4 Kf7 31. Qc2 Qg6 32. Qd2 e5 33. Rd3 Ke6 34. Qe3 Kd7 35. R3d2 exd4 36. cxd4 Re6 37. Qc3 Qe8 38. Qc1 Rc6 39. Qb1 Qe7 40. Qd3 Re6 41. Qb1 Re2 42. Rd3 Qb4 43. Rb3 Qe7 44. Qc1 Qd6 45. Rbd3 Qb4 46. Rb3 Qd6 47. Rbd3 1/2-1/2

[Event "VIE-ch U07"]
[Site "Ho Chi Minh City"]
[Date "2014.07.13"]
[Round "2"]
[White "Ong, The Son"]
[Black "Truong, Phu Dang Khoa"]
[Result "1-0"]
[WhiteElo "1372"]
[BlackElo "1393"]
[PlyCount "60"]
[EventDate "2014.07.13"]
[EventType "swiss"]
[EventRounds "9"]
[EventCountry "VIE"]
[SourceTitle "EXT 2016"]
[Source "ChessBase"]
[SourceDate "2015.10.08"]
[SourceVersion "1"]
[SourceVersionDate "2015.10.08"]
[SourceQuality "1"]

1. e4 d5 2. exd5 Qxd5 3. Nc3 Qa5 4. d4 c6 5. Nf3 Bf5 6. Be2 Nf6 7. 0-0 e6 8. a3 Be7 9. Bf4 0-0 10. Re1 Nbd7 11. h3 Qd8 12. Bd3 Bg6 13. Bxg6 hxg6 14. Qd3 Nb6 15. Re2 Nbd5 16. Nxd5 cxd5 17. Ne5 Nd7 18. Rd1 Nxe5 19. Bxe5 Bd6 20. Bxd6 Qxd6 21. Qf3 Qe7 22. Qxd5 Rad8 23. Qc4 Qf6 24. c3 Rc8 25. Qb4 Rb8 26. Red2 Rfd8 27. Qc4 Rbc8 28. Qe2 Rd5 29. Qg4 Rg5 30. Qe4 Rb8 1-0